000 00525nam a22001817a 4500
005 20251108170832.0
008 250721s1981 xx 000 0 ara d
082 1 4 _a818.02/هاش
100 1 _aالهاشمي، أحمد
245 1 0 _aالسحر الحلال في الحكم و الأمثال /
264 1 _aبيروت :
_bدار الكتب العلمية،
_c1981.
300 _a116ص
650 1 7 _aالحكم
650 1 7 _aالأمثال
650 1 7 _aالأدب العربي
942 _2ddc
_cBK
999 _c50150
_d50150